[Event "Festival A"]
[Site "Stia ITA"]
[Date "2000.04.??"]
[Round "5"]
[White "Collutiis, Duilio"]
[Black "Opacic, Alexandar"]
[Result "1-0"]
[WhiteElo "2271"]
[BlackElo "1855"]
[PlyCount "35"]
[EventDate "2000.04.23"]

1. e4 c5 2. Nc3 Nc6 3. f4 e6 4. Nf3 Nf6 5. Bb5 Nd4 6. e5 Nxb5 7. Nxb5 Nd5 8. c4
Nxf4 9. d4 Nxg2+ 10. Kf1 Nh4 11. Bg5 Be7 12. Nd6+ Kf8 13. Rg1 Nxf3 14. Qxf3 f6
15. Bh6 gxh6 16. Qh5 Bxd6 17. Qxh6+ Ke8 18. exd6 1-0